Statistiche per Nomi dei calciatori - Quiz n°41

Clicka qui per fare il quiz!

Statistiche generali

  • Questo quiz è stato fatto 16 volte
  • Il punteggio medio è 9 su 10

Statistiche sulle risposte

HintRisposta% Corretto
MirančukAleksej
100%
LewandowskiRobert
100%
KhediraSami
100%
RamiAdil
92%
BartraMarc
92%
DembeleOusmane
92%
SoldadoRoberto
92%
CourtoisThibaut
92%
BirsaValter
83%
IllarramendiAsier
42%

Distribuzione punteggi

Percentile per numero di risposta

Percentuale di utenti per punteggio

I tuoi punteggi nel tempo

Non hai fatto questo quiz